Abeceda obchodu: Hlavní ustanovení obchodní nabídky
Predloženie ponuky - prvá a najdôležitejšia etapa zjednávania kontraktu. Prvé kroky k predloženiu obchodnej ponuky. Medzinárodné pravidlá týkajúce sa ponúk. Hlavné ustanovenia ponuky vo vzťahu ku zmluve.
Na minha lista:
| Autor principal: | |
|---|---|
| Formato: | Capítulo de Livro |
| Idioma: | tcheco |
| Assuntos: | |
| Tags: |
Sem tags, seja o primeiro a adicionar uma tag!
|
MARC
| LEADER | 00000naa a2200000 4500 | ||
|---|---|---|---|
| 001 | r048156 | ||
| 005 | 20230908091440.9 | ||
| 041 | 0 | |a cze | |
| 044 | |a CZ | ||
| 245 | 1 | 0 | |a Abeceda obchodu: Hlavní ustanovení obchodní nabídky |c Jiří Žemlička |
| 520 | |a Predloženie ponuky - prvá a najdôležitejšia etapa zjednávania kontraktu. Prvé kroky k predloženiu obchodnej ponuky. Medzinárodné pravidlá týkajúce sa ponúk. Hlavné ustanovenia ponuky vo vzťahu ku zmluve. | ||
| 610 | 2 | 0 | |a kontrakty |
| 610 | 2 | 0 | |a ponuka |
| 610 | 2 | 0 | |a technika obchodná |
| 610 | 2 | 0 | |a partneri obchodní |
| 610 | 2 | 0 | |a zmluvy obchodné |
| 610 | 2 | 0 | |a právo obchodné |
| 100 | 1 | |a Žemlička, Jiří | |